[Event "III Copa Roggio C"]
[Site "Asuncion PAR"]
[Date "2010.05.20"]
[Round "1"]
[White "Heinrichs,Vivian"]
[Black "Daneri,M"]
[Result "1-0"]
[WhiteElo "1870"]
[BlackElo "2109"]
[EventDate "2010.05.20"]

1. e4 e6 2. d4 d5 3. Nc3 Bb4 4. e5 Ne7 5. a3 Bxc3+ 6. bxc3 b6 7. a4 Ba6 8.
Bd3 Bxd3 9. Qxd3 Nbc6 10. Nf3 h6 11. Ba3 Na5 12. Nd2 Qd7 13. O-O O-O 14. c4
Nxc4 15. Nxc4 dxc4 16. Qxc4 Rfd8 17. g4 Nc6 18. c3 Na5 19. Qe2 Qd5 20. Bb4
Nc4 21. Be7 Rd7 22. Bh4 Rc8 23. f4 c5 24. Bf2 cxd4 25. Bxd4 Na5 26. Qf3
Qxf3 27. Rxf3 Rc4 28. Ra3 Nc6 29. Bf2 g5 30. Bg3 Rd1+ 31. Kg2 Rd2+ 32. Kh3
Nxe5 33. fxe5 h5 34. Rf2 Rxf2 35. Bxf2 Rxg4 36. a5 Re4 37. axb6 axb6 38.
Bd4 Kh7 39. Ra2 Kg6 40. Rf2 b5 41. Rb2 h4 42. Rxb5 Re2 43. Rb1 Kh5 44. Rg1
Re4 45. Kg2 Re2+ 46. Kh1 g4 47. Rf1 g3 48. hxg3 hxg3 49. Rxf7 Kg4 50. Kg1
Rc2 51. Rf6 Rc1+ 52. Kg2 Rc2+ 53. Kf1 g2+ 54. Kg1 Kg3 55. Bf2+ Kh3 56. Rf3+
Kg4 57. Kxg2 Re2 58. Re3 Rc2 59. Kf1 Kf4 60. Ke1 Ra2 61. Re2 Ra4 62. Bd4
Kf3 63. Re3+ Kf4 64. Kd2 Ra8 65. Kd3 Ra6 66. Re2 Kf3 67. Rf2+ Kg4 68. c4
Ra3+ 69. Bc3 Ra8 70. Rf6 Rd8+ 71. Bd4 Re8 72. c5 Re7 73. Kc4 Re8 74. c6 1-0

[Event "III Copa Roggio C"]
[Site "Asuncion PAR"]
[Date "2010.05.20"]
[Round "1"]
[White "Villalba,M"]
[Black "Lipiniks,L"]
[Result "1/2-1/2"]
[WhiteElo "2107"]
[BlackElo "1870"]
[EventDate "2010.05.20"]

1. d4 d5 2. Nf3 Nf6 3. c4 c6 4. e3 Bf5 5. Qb3 Qb6 6. c5 Qxb3 7. axb3 Bxb1
8. Rxb1 b5 9. Ra1 Nfd7 10. Be2 e5 11. O-O Be7 12. Bd2 O-O 13. Ra2 Re8 14.
Rfa1 a6 15. Kf1 exd4 16. exd4 Bf6 17. Bd3 Nf8 18. Be3 g6 19. Bf4 Ne6 20.
Bxb8 Rexb8 21. Rxa6 Rxa6 22. Rxa6 Rc8 23. b4 Nxd4 24. Nd2 Ne6 25. Ra2 Kf8
26. Nb3 Ke8 27. Be2 Be5 28. g3 Nc7 29. Ke1 Ra8 30. Na5 Kd7 31. Kd1 Ne6 32.
Nxc6 Rxa2 33. Nxe5+ Kc7 34. Bxb5 Rxb2 35. Nd3 Ra2 36. Be8 f6 37. b5 Nxc5
38. Nxc5 Rxf2 39. Na6+ Kb6 40. Nb4 Rxh2 41. Nxd5+ Kc5 42. Nxf6 Kd4 43. Bc6
h5 44. b6 Rb2 45. b7 Kd3 46. Ke1 Ke3 47. Kf1 h4 48. Ng4+ Kd4 49. gxh4 Kc5
50. Ne5 Rb1+ 51. Kf2 Kd6 52. Nd7 Rxb7 53. Bxb7 Kxd7 54. Kf3 Ke6 55. Kg4 Kf6
56. Bd5 Kg7 57. Kg5 Kh7 58. Kf6 Kh8 59. Kf7 Kh7 60. Bf3 Kh8 61. Kf8 Kh7 62.
Bd5 Kh8 63. Ba2 Kh7 64. Bb3 Kh6 65. Bd1 Kh7 66. Kf7 Kh8 67. Kf6 Kh7 1/2-1/2

[Event "III Copa Roggio C"]
[Site "Asuncion PAR"]
[Date "2010.05.20"]
[Round "1"]
[White "Saldana,I"]
[Black "Genta,A"]
[Result "0-1"]
[WhiteElo "1833"]
[BlackElo "2106"]
[EventDate "2010.05.20"]

1. Nf3 d5 2. d4 Nf6 3. c4 e6 4. cxd5 exd5 5. Nc3 c6 6. Bg5 Nbd7 7. e3 h6 8.
Bh4 Be7 9. Bd3 O-O 10. O-O Re8 11. Re1 Ne4 12. Bxe7 Qxe7 13. Qe2 Nf8 14. h3
Bf5 15. Rad1 Rad8 16. Ne5 Nd7 17. Bxe4 Bxe4 18. Nxe4 dxe4 19. Nxd7 Rxd7 20.
Rc1 Rd5 21. Rc2 Rg5 22. Rec1 Qe6 23. Rc5 Rxc5 24. Rxc5 Qxa2 25. Qd2 Re6 26.
Rf5 Rg6 27. Kh2 Qe6 28. Re5 Qd6 29. Kg1 Re6 30. Ra5 a6 31. Qc2 Qb4 32. Ra1
Qe7 33. Rd1 Rd6 34. Rc1 Rd5 35. Qe2 Rg5 36. Rc2 Qe6 37. Kh1 Qg6 38. Qf1 Ra5
39. Qe1 Qf5 40. Qc1 Qd5 41. Rc5 Rxc5 42. dxc5 Qd3 43. Qe1 Qc4 44. b4 f6 45.
Qd2 Qd5 46. Qe1 Qd3 47. Kh2 Kf7 48. Kg3 Ke6 49. Qa1 Qd5 50. Qa5 Qe5+ 51. f4
Qc3 52. Qa2+ Ke7 53. Kf2 Qxb4 54. f5 Qxc5 55. Qe6+ Kd8 56. Qg8+ Kd7 57.
Qxg7+ Qe7 58. Qxh6 a5 59. Qh8 a4 60. Qa8 Qb4 61. Kg3 a3 62. Qg8 Qb2 63.
Qe6+ Kc7 64. Qe7+ Kb6 65. Qd8+ Kb5 66. Qa8 b6 0-1

[Event "III Copa Roggio C"]
[Site "Asuncion PAR"]
[Date "2010.05.20"]
[Round "1"]
[White "Ippolitti,H"]
[Black "Benitez,J"]
[Result "1-0"]
[WhiteElo "2090"]
[BlackElo "1830"]
[EventDate "2010.05.20"]

1. d4 Nf6 2. Nc3 e6 3. e4 Bb4 4. e5 Ne4 5. Qg4 Nxc3 6. Qxg7 Nd5+ 7. c3 Rf8
8. cxb4 d6 9. Bg5 f6 10. exf6 Nxf6 11. Nf3 Nbd7 12. Bd3 Rf7 13. Qh6 Qe7 14.
O-O Nf8 15. d5 e5 16. Nd4 Bd7 17. Nf5 Bxf5 18. Bxf5 N8d7 19. Be6 O-O-O 20.
f4 e4 21. Rae1 Qf8 22. Bxf7 Qxf7 23. Qh3 Kb8 24. Qe6 Qg7 25. Re3 Re8 26.
Qf5 Rf8 27. Bxf6 Nxf6 28. Rg3 Qf7 29. Qe6 a6 30. Rg5 Ka7 31. Re1 Qe8 32.
Qxe8 Rxe8 33. Rf5 Nd7 34. Kf2 Nb6 35. Ke3 Nc4+ 36. Kd4 b5 37. b3 Na3 38.
Kc3 a5 39. Rf6 axb4+ 40. Kb2 Kb6 41. Re6 Rg8 42. g3 Kc5 43. Rd1 h5 44. Rxe4
h4 45. Re3 hxg3 46. hxg3 Rh8 47. Re2 Rh3 48. Rg2 Rh7 49. f5 Kb6 50. f6 c5
51. dxc6 Kxc6 52. Rf2 Rf7 53. g4 Kd7 54. g5 Rh7 55. f7 1-0

[Event "III Copa Roggio C"]
[Site "Asuncion PAR"]
[Date "2010.05.20"]
[Round "1"]
[White "Battaglia,J"]
[Black "Butti,E"]
[Result "1/2-1/2"]
[WhiteElo "1806"]
[BlackElo "2089"]
[EventDate "2010.05.20"]

1. d4 Nf6 2. Nf3 c5 3. e3 d5 4. c4 e6 5. Bd3 Nc6 6. a3 dxc4 7. Bxc4 cxd4 8.
Nxd4 Nxd4 9. Qxd4 Qxd4 10. exd4 Bd7 11. Bf4 Rc8 12. Bb3 Bc6 13. O-O Be7 14.
Nc3 O-O 15. Rfe1 Rfd8 16. Rad1 Nd5 17. Nxd5 Bxd5 18. Bxd5 Rxd5 19. Re5 Rcd8
20. Rxd5 Rxd5 21. Rc1 g5 22. Be3 Bd6 23. g4 Kg7 24. Kg2 a5 25. h3 Rb5 26.
Rc2 Kf6 27. Kf3 Ke7 28. Ke2 Kd7 29. Kd3 a4 30. Bc1 h6 31. Rc4 Rb3+ 32. Rc3
Rxc3+ 33. Kxc3 Kc6 34. Kd3 Kd5 35. Bd2 f5 36. f3 1/2-1/2

[Event "III Copa Roggio C"]
[Site "Asuncion PAR"]
[Date "2010.05.20"]
[Round "1"]
[White "Escofet,J"]
[Black "Florentin,Dam"]
[Result "1-0"]
[WhiteElo "2076"]
[BlackElo "1782"]
[EventDate "2010.05.20"]

1. Nf3 Nf6 2. e3 d6 3. d4 Bg4 4. Nbd2 Nbd7 5. b3 e5 6. Be2 c6 7. Bb2 Qc7 8.
O-O Be7 9. c4 O-O 10. Nh4 Bxe2 11. Qxe2 Rae8 12. Nf5 Bd8 13. Qf3 g6 14. Ng3
e4 15. Ndxe4 Nxe4 16. Nxe4 f5 17. Nc3 Nf6 18. d5 Ng4 19. dxc6 bxc6 20. h3
Ne5 21. Qd1 Bf6 22. Qd2 Re6 23. Rad1 Nf7 24. Ne2 Bg5 25. Nf4 Re4 26. f3 Re7
27. Qd4 Bh6 28. g4 Rfe8 29. gxf5 gxf5 30. Kh1 Rxe3 31. Nh5 R8e6 32. Rg1+
Kf8 33. Nf6 Ke7 34. Qh4 Bg5 35. Rxg5 Nxg5 36. Qxg5 Re1+ 37. Rxe1 Rxe1+ 38.
Kg2 Ke6 39. Qg8+ Qf7 40. Qc8+ Ke7 41. Ng8+ 1-0

[Event "III Copa Roggio C"]
[Site "Asuncion PAR"]
[Date "2010.05.20"]
[Round "1"]
[White "Alarcon,J"]
[Black "Latorre,Mat"]
[Result "0-1"]
[WhiteElo "1748"]
[BlackElo "2072"]
[EventDate "2010.05.20"]

1. d4 g6 2. c4 Bg7 3. Nc3 d6 4. e4 a6 5. Be2 Nc6 6. Be3 e5 7. dxe5 Nxe5 8.
Nf3 Nc6 9. O-O Nf6 10. h3 O-O 11. Qc2 Re8 12. Rad1 b6 13. Bf4 Nxe4 14. Nxe4
Bf5 15. Nfd2 Nd4 16. Qd3 Nxe2+ 17. Qxe2 Bxe4 18. Nxe4 f5 19. f3 fxe4 20.
fxe4 Re6 21. Qf3 Qe8 22. b3 Rxe4 23. h4 Qe6 24. h5 Rf8 25. Qg3 Bd4+ 26. Kh1
Qf5 0-1

[Event "III Copa Roggio C"]
[Site "Asuncion PAR"]
[Date "2010.05.20"]
[Round "1"]
[White "Goiriz,Y"]
[Black "Estigarribia,M"]
[Result "1-0"]
[WhiteElo "2052"]
[BlackElo "1706"]
[EventDate "2010.05.20"]

1. e4 d6 2. d4 Nf6 3. Nc3 g6 4. Be2 Bg7 5. g4 O-O 6. g5 Ne8 7. Be3 c6 8. a4
f5 9. gxf6 exf6 10. Bc4+ Kh8 11. h4 h5 12. Nh3 Kh7 13. Nf4 Bh6 14. Nxg6
Kxg6 15. Rg1+ Bg4 16. Rxg4+ hxg4 17. Qxg4+ Bg5 18. f4 Ng7 19. f5+ Kh6 20.
hxg5+ fxg5 21. O-O-O Nh5 22. Rh1 Kg7 23. Bxg5 Qe8 24. Be7+ 1-0

[Event "III Copa Roggio C"]
[Site "Asuncion PAR"]
[Date "2010.05.20"]
[Round "1"]
[White "Chavez,Ni"]
[Black "Deus Filho,J"]
[Result "1/2-1/2"]
[WhiteElo "1700"]
[BlackElo "2048"]
[EventDate "2010.05.20"]

1. e4 c5 2. c4 Nc6 3. Ne2 Nf6 4. Nbc3 Ne5 5. d3 e6 6. f4 Nc6 7. g3 d5 8.
Bg2 d4 9. Na4 Be7 10. e5 Ng4 11. Bxc6+ bxc6 12. b3 h5 13. h3 Nh6 14. Kf2 f6
15. Ng1 Nf5 16. Nf3 h4 17. g4 Ng3 18. Re1 g5 19. exf6 Bxf6 20. fxg5 Be7 21.
Bf4 O-O 22. Bxg3 hxg3+ 23. Kxg3 Bxg5 24. Nxg5 Qxg5 25. Qc1 Qf6 26. Rf1 Qe5+
27. Rf4 Bd7 28. Qd2 Be8 29. Re1 Qd6 30. Ref1 Bg6 31. Kg2 Rxf4 32. Qxf4 Qxf4
33. Rxf4 e5 34. Rf6 Bxd3 35. Nxc5 Bb1 36. Rxc6 Rd8 37. Re6 d3 38. Nxd3 Rxd3
39. Rxe5 Bxa2 40. Ra5 Bxb3 41. Rxa7 Bxc4 42. Rc7 Bf7 43. Rc5 Kg7 44. Rf5
Be6 45. Re5 Kf6 46. Rh5 Bd5+ 47. Kf2 Be4 48. Rh8 Bd5 49. Rh5 Kg6 50. Re5
1/2-1/2

[Event "III Copa Roggio C"]
[Site "Asuncion PAR"]
[Date "2010.05.20"]
[Round "1"]
[White "Chang,S"]
[Black "Rivarola,P"]
[Result "1-0"]
[WhiteElo "2031"]
[BlackElo "1652"]
[EventDate "2010.05.20"]

1. d4 d5 2. c4 Nf6 3. cxd5 Qxd5 4. Nc3 Qh5 5. g3 e5 6. dxe5 Qxe5 7. Bf4 Qa5
8. Bg2 Bc5 9. Nf3 Ne4 10. O-O Nxc3 11. bxc3 O-O 12. Qb3 Nc6 13. Rad1 Rb8
14. Ng5 Qb6 15. Qc4 Na5 16. Qd3 g6 17. Rb1 Qf6 18. Bxc7 Ra8 19. Ne4 Qf5 20.
Bxa5 Bxf2+ 21. Rxf2 Qxa5 22. Nf6+ Kg7 23. Qd4 Rd8 24. Ne8+ Kh6 25. Qg7+ 1-0

[Event "III Copa Roggio C"]
[Site "Asuncion PAR"]
[Date "2010.05.20"]
[Round "1"]
[White "Torres,Mauricio"]
[Black "Vazquez,G"]
[Result "0-1"]
[WhiteElo "1649"]
[BlackElo "2004"]
[EventDate "2010.05.20"]

1. d4 Nf6 2. Nf3 g6 3. c4 Bg7 4. Nc3 d5 5. g3 O-O 6. Bg2 dxc4 7. e4 c6 8.
O-O b5 9. e5 Nd5 10. Ng5 Bb7 11. Nge4 Nd7 12. f4 Qb6 13. a3 Rac8 14. Nxd5
cxd5 15. Nc3 e6 16. Be3 a5 17. b4 axb4 18. axb4 Nb8 19. Ra5 Bc6 20. g4 Na6
21. Qb1 f6 22. Rf3 fxe5 23. dxe5 d4 0-1

[Event "III Copa Roggio C"]
[Site "Asuncion PAR"]
[Date "2010.05.20"]
[Round "1"]
[White "Diaz,Fe"]
[Black "Riva,Eric"]
[Result "1-0"]
[WhiteElo "1999"]
[BlackElo "1639"]
[EventDate "2010.05.20"]

1. e4 e6 2. d4 d5 3. e5 c5 4. c3 Nc6 5. Nf3 Qb6 6. a3 a5 7. Bd3 Bd7 8. Bc2
cxd4 9. cxd4 Nge7 10. Nc3 Ng6 11. O-O Be7 12. Rb1 O-O 13. h4 h6 14. h5 Nh4
15. Nxh4 Bxh4 16. Be3 f5 17. exf6 Bxf6 18. Na4 Qd8 19. Qd3 Rf7 20. Qh7+ Kf8
21. Bg6 Be8 22. Nc5 Qc8 23. Bf4 1-0

[Event "III Copa Roggio C"]
[Site "Asuncion PAR"]
[Date "2010.05.20"]
[Round "1"]
[White "Gomez Harika,M"]
[Black "Villamayor,F"]
[Result "0-1"]
[WhiteElo "1518"]
[BlackElo "1987"]
[EventDate "2010.05.20"]

1. e4 e5 2. Nf3 d6 3. Bc4 Be7 4. Nc3 c6 5. d4 Nd7 6. Be3 Ngf6 7. Qd2 b5 8.
Bd3 O-O 9. d5 b4 10. Ne2 cxd5 11. Ng3 dxe4 12. Bxe4 Nxe4 13. Nxe4 Nf6 14.
Nxf6+ Bxf6 15. Qxb4 Qc7 16. O-O d5 17. Bc5 Re8 18. c3 e4 19. Nd4 Be5 20. h3
Ba6 21. Rfe1 Rac8 22. Nb3 Re6 23. Bd4 Bd6 24. Qa5 Qe7 25. Be3 Rg6 26. Nd4
Qe5 27. f4 exf3 28. Nxf3 Rxg2+ 29. Kh1 Rh2+ 0-1

[Event "III Copa Roggio C"]
[Site "Asuncion PAR"]
[Date "2010.05.20"]
[Round "1"]
[White "Roman,R"]
[Black "Moreno,M"]
[Result "1-0"]
[WhiteElo "1905"]
[BlackElo "1511"]
[EventDate "2010.05.20"]

1. d4 Nf6 2. c4 g6 3. Nc3 Bg7 4. e4 d6 5. f3 O-O 6. Be3 Nbd7 7. Qd2 Re8 8.
Nge2 e5 9. d5 Qe7 10. O-O-O b6 11. g4 Nf8 12. Kb1 Bb7 13. h4 Rad8 14. h5
gxh5 15. g5 N6d7 16. Ng3 Ng6 17. Nf5 Qf8 18. Qh2 f6 19. Qxh5 fxg5 20. Qxh7+
Kf7 21. Rh6 Ne7 1-0

[Event "III Copa Roggio C"]
[Site "Asuncion PAR"]
[Date "2010.05.20"]
[Round "1"]
[White "Laterza,Martin"]
[Black "Luzuriaga,N"]
[Result "1/2-1/2"]
[WhiteElo "1494"]
[BlackElo "1885"]
[EventDate "2010.05.20"]

1. e4 d6 2. d4 Nf6 3. Nc3 g6 4. f3 Bg7 5. Be3 Nbd7 6. Nge2 e5 7. Qd2 O-O 8.
O-O-O a6 9. d5 Nb6 10. b3 Ne8 11. g4 c6 12. h4 cxd5 13. Nxd5 Nxd5 14. Qxd5
Qc7 15. Ng3 Be6 16. Qd2 a5 17. Kb1 Rc8 18. Be2 d5 19. exd5 Bxd5 20. c4 Be6
21. Ne4 1/2-1/2

[Event "III Copa Roggio C"]
[Site "Asuncion PAR"]
[Date "2010.05.21"]
[Round "2"]
[White "Vazquez,G"]
[Black "Ippolitti,H"]
[Result "1-0"]
[WhiteElo "2004"]
[BlackElo "2090"]
[EventDate "2010.05.20"]

1. d4 e6 2. e4 c5 3. c3 b6 4. Nf3 Bb7 5. Bd3 d6 6. O-O Nf6 7. Qe2 Nc6 8.
Bg5 Be7 9. Nbd2 Nd7 10. Nc4 f6 11. Bh4 Qc7 12. d5 Nd8 13. dxe6 Nxe6 14. Bg3
O-O-O 15. a4 Bc6 16. b4 Ne5 17. b5 Be8 18. Nfxe5 dxe5 19. a5 Bf7 20. axb6
axb6 21. Ra6 Kb7 22. Rfa1 Ra8 23. Qa2 Qb8 24. Rxb6+ Kc7 25. Rc6+ Kd7 26.
Qxa8 Nc7 27. Rxc7+ Qxc7 28. Qxh8 1-0

[Event "III Copa Roggio C"]
[Site "Asuncion PAR"]
[Date "2010.05.21"]
[Round "2"]
[White "Diaz,Fe"]
[Black "Escofet,J"]
[Result "1-0"]
[WhiteElo "1999"]
[BlackElo "2076"]
[EventDate "2010.05.20"]

1. e4 e6 2. d4 d5 3. Nc3 Bb4 4. e5 Ne7 5. a3 Bxc3+ 6. bxc3 c5 7. Qg4 Qc7 8.
Qxg7 Rg8 9. Qxh7 cxd4 10. Ne2 Nbc6 11. f4 dxc3 12. Qd3 Bd7 13. Nxc3 a6 14.
Rb1 Na5 15. h4 Nf5 16. Rh3 Nc4 17. h5 O-O-O 18. h6 Rg6 19. h7 Rh8 20. Rb3
Qc5 21. Ne2 Bb5 22. Rc3 Kb8 23. Rh5 Rg7 24. g4 Rxg4 25. Bh3 Rg7 26. Bxf5
exf5 27. Qh3 Bd7 28. Rg3 Rg6 29. Rh6 Rxg3 30. Qxg3 Qc8 31. Qg5 Na5 32. e6
fxe6 33. Bb2 Nc4 34. Bxh8 1-0

[Event "III Copa Roggio C"]
[Site "Asuncion PAR"]
[Date "2010.05.21"]
[Round "2"]
[White "Latorre,Mat"]
[Black "Roman,R"]
[Result "1-0"]
[WhiteElo "2072"]
[BlackElo "1905"]
[EventDate "2010.05.20"]

1. d4 d5 2. c4 c6 3. Nf3 e6 4. e3 f5 5. b3 Nf6 6. Bd3 Bd6 7. O-O O-O 8. Ba3
Ne4 9. Ne5 Bxa3 10. Nxa3 Nd7 11. f3 Nxe5 12. dxe5 Nc5 13. b4 Nxd3 14. Qxd3
Qc7 15. f4 a5 16. b5 Rd8 17. c5 Qe7 18. Rac1 Bd7 19. b6 g5 20. Qd4 Kh8 21.
Rc3 Rg8 22. Rf2 Rg6 23. Nc2 Rag8 24. Ra3 gxf4 25. exf4 Ra8 26. Ne1 a4 27.
Nd3 Qh4 28. Rxa4 Rag8 29. Qe3 Qh5 30. Qd2 Rg4 31. Ne1 Qh4 32. Ra7 Bc8 33.
Ra3 h6 34. Kf1 Qe7 35. Qd4 Bd7 36. Rff3 Qg7 37. Qf2 Kh7 38. Ra7 Bc8 39.
Raa3 Bd7 40. Rg3 Qf8 41. Rxg4 fxg4 42. Ra7 Bc8 43. g3 Kh8 44. Qc2 Qd8 45.
Ra3 Bd7 46. Ng2 Be8 47. Nh4 d4 48. Qc4 Bf7 49. Rd3 Qa8 50. a4 Rd8 51. Rxd4
Kg7 52. Rd6 Rxd6 53. exd6 Qa5 54. Qd4+ 1-0

[Event "III Copa Roggio C"]
[Site "Asuncion PAR"]
[Date "2010.05.21"]
[Round "2"]
[White "Butti,E"]
[Black "Heinrichs,Vivian"]
[Result "1-0"]
[WhiteElo "2089"]
[BlackElo "1870"]
[EventDate "2010.05.20"]

1. d4 d5 2. c4 dxc4 3. e3 Nf6 4. Bxc4 e6 5. Nf3 c5 6. O-O a6 7. a4 Nc6 8.
Qe2 Qc7 9. Nc3 Bd6 10. d5 exd5 11. Nxd5 Nxd5 12. Bxd5 Nb4 13. Bc4 O-O 14.
b3 Bf5 15. Bb2 Rfe8 16. Rad1 Bg4 17. h3 Bh5 18. Qd2 Rad8 19. Qc3 Bf8 20.
Rxd8 Rxd8 21. e4 Qf4 22. Qe3 Qxe3 23. fxe3 Kh8 24. Ng5 f6 25. Ne6 Re8 26.
Rxf6 gxf6 27. Bxf6+ Kg8 28. Ng5+ 1-0

[Event "III Copa Roggio C"]
[Site "Asuncion PAR"]
[Date "2010.05.21"]
[Round "2"]
[White "Deus Filho,J"]
[Black "Battaglia,J"]
[Result "1-0"]
[WhiteElo "2048"]
[BlackElo "1806"]
[EventDate "2010.05.20"]

1. e4 c5 2. Nc3 Nc6 3. f4 d6 4. Bc4 Nf6 5. d3 e6 6. Bb3 g6 7. Nf3 Bg7 8.
O-O O-O 9. f5 h6 10. fxg6 fxg6 11. Qe1 Ng4 12. Qg3 Nge5 13. Qh3 Nxf3+ 14.
gxf3 Kf7 15. f4 Nd4 16. f5 Ke7 17. Bxh6 Bxh6 18. Qxh6 gxf5 19. exf5 Nxf5
20. Rxf5 Rxf5 21. Qg7+ Ke8 22. Ne4 Qe7 23. Qg3 d5 24. Nd6+ Kd7 25. Ba4+ Kd8
26. Nxf5 exf5 27. Re1 Be6 28. Qe5 Qh4 29. Qd6+ Kc8 30. Qxe6+ Kc7 31. Qd7+
1-0

[Event "III Copa Roggio C"]
[Site "Asuncion PAR"]
[Date "2010.05.21"]
[Round "2"]
[White "Lipiniks,L"]
[Black "Chavez,Ni"]
[Result "1-0"]
[WhiteElo "1870"]
[BlackElo "1700"]
[EventDate "2010.05.20"]

1. e4 e6 2. d4 d5 3. Nd2 dxe4 4. Nxe4 Nd7 5. Nf3 Ngf6 6. Bd3 Nxe4 7. Bxe4
Nf6 8. Bd3 c5 9. O-O cxd4 10. Nxd4 Bc5 11. Be3 e5 12. Nf5 Bxe3 13. Bb5+ Bd7
14. Qd6 Bh6 15. Qxe5+ Kf8 16. Qd6+ Kg8 17. Ne7+ Kf8 18. Nc6+ Kg8 19. Nxd8
Bxb5 20. Qe7 Rxd8 21. Qxd8+ 1-0

[Event "III Copa Roggio C"]
[Site "Asuncion PAR"]
[Date "2010.05.21"]
[Round "2"]
[White "Daneri,M"]
[Black "Laterza,Martin"]
[Result "1-0"]
[WhiteElo "2109"]
[BlackElo "1494"]
[EventDate "2010.05.20"]

1. d4 Nf6 2. Nf3 g6 3. c4 Bg7 4. Nc3 O-O 5. Bf4 d6 6. h3 Nbd7 7. e3 b6 8.
Be2 Bb7 9. Qc2 c5 10. d5 Re8 11. O-O Qc7 12. Rfd1 Nh5 13. Bh2 Ne5 14. Nxe5
Bxe5 15. Bxe5 dxe5 16. Bxh5 gxh5 17. Qf5 f6 18. Ne4 Kh8 19. Qxh5 Rg8 20. g4
Qd7 21. Kh2 Rg6 22. Ng3 e6 23. Rd2 exd5 24. cxd5 Rd8 25. Rad1 Qf7 26. e4
Bc8 27. Nf5 Qe8 28. Nh4 Rg5 29. Qxe8+ Rxe8 30. Ng2 Reg8 31. Ne3 h5 32. f3
hxg4 33. fxg4 Rd8 34. Rf2 Kg7 35. Rdf1 Rf8 36. Kg3 Ba6 37. Rd1 Bb5 38. h4
Rg6 39. Nf5+ Kh7 40. Ne7 Rg7 41. d6 Rd8 42. Nd5 Bc6 43. Nxf6+ Kh8 44. Rf5
Rf7 45. Rh5+ Kg7 46. g5 a6 47. Rh7+ Kf8 48. Rh8+ 1-0

[Event "III Copa Roggio C"]
[Site "Asuncion PAR"]
[Date "2010.05.21"]
[Round "2"]
[White "Rivarola,P"]
[Black "Saldana,I"]
[Result "1-0"]
[WhiteElo "1652"]
[BlackElo "1833"]
[EventDate "2010.05.20"]

1. d4 Nf6 2. Nf3 e6 3. g3 b6 4. Bg2 Bb7 5. O-O Be7 6. c4 c5 7. dxc5 Bxc5 8.
b3 O-O 9. Bb2 Nc6 10. Nc3 Qe7 11. Na4 Ba3 12. Bxf6 gxf6 13. Nd4 Rfd8 14. e3
Qf8 15. Qh5 Qg7 16. Nb5 Bf8 17. Rad1 Qg6 18. Qe2 f5 19. Nd6 Ba6 20. Nc3 Bc8
21. e4 Bg7 22. exf5 Qf6 23. Nce4 Qh6 24. fxe6 fxe6 25. f4 Rb8 26. Ng5 Nd4
27. Qd3 Rf8 28. Be4 Nf5 29. Bxf5 exf5 30. Qd5+ 1-0

[Event "III Copa Roggio C"]
[Site "Asuncion PAR"]
[Date "2010.05.21"]
[Round "2"]
[White "Benitez,J"]
[Black "Torres,Mauricio"]
[Result "1/2-1/2"]
[WhiteElo "1830"]
[BlackElo "1649"]
[EventDate "2010.05.20"]

1. e4 c5 2. Nf3 d6 3. d4 cxd4 4. Nxd4 Nf6 5. Nc3 g6 6. Bg5 Bg7 7. Qd2 Nc6
8. Nb3 a5 9. Bh6 Bxh6 10. Qxh6 Be6 11. Be2 Qb6 12. O-O a4 13. Nd2 Nd4 14.
Bd3 1/2-1/2

[Event "III Copa Roggio C"]
[Site "Asuncion PAR"]
[Date "2010.05.21"]
[Round "2"]
[White "Florentin,Dam"]
[Black "Riva,Eric"]
[Result "0-1"]
[WhiteElo "1782"]
[BlackElo "1639"]
[EventDate "2010.05.20"]

1. d4 d5 2. Nf3 Nf6 3. Bf4 e6 4. e3 Be7 5. Bd3 O-O 6. Nbd2 b6 7. Ne5 Bb7 8.
Ndf3 Ne4 9. h3 f6 10. Ng4 h5 11. Ngh2 g5 12. Bg3 h4 13. Bxh4 gxh4 14. Nxh4
f5 15. Ng6 Rf7 16. g3 Rg7 17. Nf4 Qd7 18. Qe2 Bb4+ 19. c3 Nxc3 20. bxc3
Bxc3+ 21. Kf1 Bxa1 22. Kg2 Bc3 23. a3 Qd6 24. Qc2 Bxd4 25. Nh5 Rg5 26. g4
Bxe3 27. Nf6+ Kf7 28. h4 d4+ 29. f3 Rg6 30. Nh5 Bxf3+ 31. Nxf3 Rxg4+ 32.
Kf1 Kg6 33. Nh2 Qd5 34. Bxf5+ exf5 35. Nxg4 Qxh1+ 36. Ke2 Qg2+ 0-1

[Event "III Copa Roggio C"]
[Site "Asuncion PAR"]
[Date "2010.05.21"]
[Round "2"]
[White "Moreno,M"]
[Black "Alarcon,J"]
[Result "0-1"]
[WhiteElo "1511"]
[BlackElo "1748"]
[EventDate "2010.05.20"]

1. e4 c5 2. Nc3 g6 3. Nge2 e5 4. g3 Bg7 5. Bg2 Ne7 6. O-O O-O 7. d3 d6 8.
Be3 Nbc6 9. Qd2 Be6 10. h3 Nd4 11. g4 Rb8 12. Ng3 f5 13. gxf5 gxf5 14. f4
exf4 15. Bxf4 Ng6 16. Bg5 Qd7 17. exf5 Nxf5 18. Nxf5 Bxf5 19. Kh2 Be5+ 20.
Kg1 Bxh3 21. Rf2 Qg4 22. Raf1 Qg3 23. Rxf8+ Nxf8 24. Bf4 Bxf4 25. Rxf4 Ng6
26. Rf3 Qxg2+ 27. Qxg2 Bxg2 28. Kxg2 Nh4+ 29. Kg3 Nxf3 30. Kxf3 Rf8+ 31.
Kg3 Rf1 32. Ne4 Rg1+ 33. Kf2 Rg6 34. c3 h5 35. Ng3 h4 36. Nh1 Kf7 37. Kf3
h3 38. Ng3 h2 39. Kg2 h1=Q+ 40. Kxh1 Rxg3 0-1

[Event "III Copa Roggio C"]
[Site "Asuncion PAR"]
[Date "2010.05.21"]
[Round "2"]
[White "Estigarribia,M"]
[Black "Gomez Harika,M"]
[Result "0-1"]
[WhiteElo "1706"]
[BlackElo "1518"]
[EventDate "2010.05.20"]

1. e4 c5 2. Nf3 Nc6 3. d4 cxd4 4. Nxd4 Nf6 5. Nc3 e6 6. Nb3 Bb4 7. Qe2 d5
8. Bd2 Bxc3 9. Bxc3 dxe4 10. Nd2 O-O 11. O-O-O Nd5 12. Nxe4 Nxc3 13. Nxc3
Qe7 14. g3 Bd7 15. Bg2 Rac8 16. Rd2 a6 17. Rhd1 Rc7 18. Bxc6 Bxc6 19. f4
Rfc8 20. a3 b5 21. Na2 a5 22. Kb1 b4 23. axb4 axb4 24. Nxb4 Qxb4 25. Rd8+
Be8 26. Qe5 Qe7 27. Rxc8 Rxc8 28. f5 Ba4 29. b3 Qb7 30. Qa5 Bd7 31. Qd2 Qc7
32. c4 Bc6 33. Qc3 Be4+ 34. Kb2 Bxf5 35. h4 Ra8 36. b4 Qa7 37. Qb3 Qf2+ 38.
Kc3 Qe3+ 39. Kb2 Qe2+ 40. Kc3 Bc2 41. Qxc2 Ra3+ 42. Kb2 Ra2+ 43. Kxa2 Qxc2+
44. Ka3 0-1

[Event "III Copa Roggio C"]
[Site "Asuncion PAR"]
[Date "2010.05.23"]
[Round "3"]
[White "Genta,A"]
[Black "Goiriz,Y"]
[Result "1-0"]
[WhiteElo "2106"]
[BlackElo "2052"]
[EventDate "2010.05.20"]

1. Nf3 c5 2. g3 Nf6 3. Bg2 e6 4. O-O Be7 5. c4 d5 6. cxd5 exd5 7. d4 O-O 8.
Nc3 b6 9. b3 Bb7 10. Bb2 Nbd7 11. Rc1 Rc8 12. Nh4 g6 13. dxc5 Nxc5 14. Nb5
Qd7 15. Nd4 Nfe4 16. Nhf3 Bf6 17. Rc2 Bg7 18. Qa1 f5 19. Rcc1 a5 20. Nc2
Bh6 21. Ne5 Qe7 22. f4 Bg7 23. Rfd1 g5 24. e3 gxf4 25. exf4 d4 26. Rxd4 Ng5
27. Ne3 Bxg2 28. Kxg2 Bxe5 29. fxe5 Qb7+ 30. Nd5 Rcd8 31. Rcd1 Rxd5 32.
Rxd5 Rd8 33. Qc1 Nce6 34. Qd2 Kf7 35. Kf1 Rxd5 36. Qxd5 Qa6+ 37. Qd3 Qa8
38. Qxf5+ Ke8 39. Rd2 Qh1+ 40. Ke2 Qxh2+ 41. Kd1 Qxg3 42. Ba3 Qe3 43. Rd6
Qg1+ 44. Kc2 Nd4+ 45. Rxd4 Qxd4 46. Qxg5 Qe4+ 47. Kc1 Qe1+ 48. Kc2 Qe2+ 49.
Kc3 Qe1+ 50. Kc4 Qe2+ 51. Kd5 Qb5+ 52. Kd4 Qd7+ 53. Bd6 b5 54. Qg8+ 1-0

[Event "III Copa Roggio C"]
[Site "Asuncion PAR"]
[Date "2010.05.23"]
[Round "3"]
[White "Vazquez,G"]
[Black "Latorre,Mat"]
[Result "1-0"]
[WhiteElo "2004"]
[BlackElo "2072"]
[EventDate "2010.05.20"]

1. c4 g6 2. Nc3 Bg7 3. g3 d6 4. Bg2 c5 5. e4 Nc6 6. Nge2 Nf6 7. O-O O-O 8.
d3 a6 9. h3 Rb8 10. a4 Ne8 11. Be3 Nc7 12. d4 cxd4 13. Nxd4 Ne6 14. Nde2
Nc5 15. Rb1 Be6 16. b3 Qa5 17. Nd5 Nd7 18. Nef4 Bxd5 19. Nxd5 Rfe8 20. b4
Qd8 21. a5 Nce5 22. Qe2 e6 23. Nb6 Nxb6 24. Bxb6 Qc8 25. Rbc1 Nd7 26. Be3
Qc7 27. Rfd1 Rec8 28. h4 h5 29. f4 Kh7 30. Qd2 Bf8 31. c5 d5 32. exd5 exd5
33. Bxd5 Nf6 34. Bf3 Re8 35. Bd4 Rbd8 36. Be5 Rxd2 37. Bxc7 Rb2 38. Be5 Rb3
39. Bxb7 Ng4 40. Bc3 Bxc5+ 41. bxc5 Rxb7 42. c6 Rc7 43. Rd7 Rec8 44. Rxc7
Rxc7 45. Bb4 Nf6 46. Kg2 Ne8 47. Kf3 Kg7 48. Ke4 Kf6 49. Kd5 Rc8 50. Bd6
Kf5 51. c7 Kg4 52. Rc3 Nf6+ 53. Kc6 Ne4 54. Rb3 1-0

[Event "III Copa Roggio C"]
[Site "Asuncion PAR"]
[Date "2010.05.23"]
[Round "3"]
[White "Villalba,M"]
[Black "Diaz,Fe"]
[Result "1-0"]
[WhiteElo "2107"]
[BlackElo "1999"]
[EventDate "2010.05.20"]

1. e4 e6 2. d4 d5 3. Nd2 Nf6 4. e5 Nfd7 5. f4 c5 6. c3 Nc6 7. Ndf3 Qb6 8.
g3 cxd4 9. cxd4 Bb4+ 10. Kf2 g5 11. fxg5 Ndxe5 12. Nxe5 Nxe5 13. Be3 Nc4
14. Qb3 Bd2 15. Bxc4 dxc4 16. Qxb6 Bxe3+ 17. Kxe3 axb6 18. Nf3 h6 19. h4 c3
20. bxc3 Ra3 21. Kd2 Bd7 22. gxh6 Rxh6 23. Ne5 Rf6 24. h5 Rf2+ 25. Ke3 Rc2
26. h6 Rcxc3+ 27. Kf4 f6 28. h7 fxe5+ 29. Kg4 Rxg3+ 30. Kh4 1-0